| 000 | 00771nas a2200265 4500 | ||
|---|---|---|---|
| 001 | BR9204128 | ||
| 003 | BR-BrBNA | ||
| 005 | 20231205092707.0 | ||
| 007 | ta | ||
| 008 | 230509b bl.|||p| |||| 00| 00por d | ||
| 040 |
_aBR-BrBNA _bpor _cBiblioteca Nacional de Agricultura |
||
| 041 | _a(En) | ||
| 072 | _aH20 | ||
| 100 | 1 | _aGupta, A.K. | |
| 100 | 1 | _aPathak, V.N. | |
| 245 | 1 | _aEpidemiology and management of papaya fruit rots | |
| 246 | 1 | _aEpidemiology and management of papaya fruit rots | |
| 650 | _aMAMAO | ||
| 650 | _aPODRIDAO | ||
| 650 | _aFUNGO | ||
| 650 | _aANTRACNOSE | ||
| 773 | 0 |
_tSumma Phytopathologica (Brazil) _xISSN 0100-5405 _g(Apr-Jun 1990), v. 16(2) p. 92-105 _wBR9204128 |
|
| 909 |
_a202311 _bLúcia _c55 _dLúcia Elande |
||
| 942 |
_2AGRIS _n0 _cANA |
||
| 999 |
_c133456 _d133456 |
||